| 000 | 01188nam a2200373 i 4500 | ||
|---|---|---|---|
| 001 | 38080 | ||
| 003 | KOSZ 005 | ||
| 005 | 20220504093801.0 | ||
| 008 | 001010s2000 pl f |000 0 pol d | ||
| 020 | _a8385441786 | ||
| 040 |
_cKOSZ 005 _aKOSZ 005 _dKOSZ 005/HR |
||
| 041 | 0 | _apl | |
| 046 | _k2000 | ||
| 080 | _a005.574 | ||
| 080 | _a(07) | ||
| 100 | 1 |
_aNęcki, Zbigniew _d(1947- ) _eAutor |
|
| 245 | 1 | 0 |
_aNegocjacje w biznesie / _cZbigniew Nęcki. |
| 250 | _aWyd. 4. | ||
| 260 |
_aKraków : _bWydawnictwo Profesjonalnej Szkoły Biznesu, _c[2000]. |
||
| 300 |
_a243 s. : _brys., wykr. ; _c20 cm. |
||
| 380 | _aKsiążki | ||
| 388 | _a1901-2000 | ||
| 388 | _a1989-2000 | ||
| 490 | 1 | _aBiblioteka Menedżera | |
| 504 | _aBibliogr. s. 242-243. | ||
| 650 | 7 | _aNegocjacje biznesowe | |
| 650 | 7 | _aKomunikacja społeczna | |
| 655 | _aPodręcznik | ||
| 658 | _aZarządzanie i marketing | ||
| 710 | 1 |
_aWydawnictwo Profesjonalnej Szkoły Biznesu (Kraków) _4pbl |
|
| 830 | _aBiblioteka Menedżera | ||
| 856 |
_uhttp://koha.tu.koszalin.pl/cgi-bin/koha/opac-detail.pl?biblionumber=38080 _yKatalog online BPK |
||
| 942 |
_cKS _2UKD |
||
| 999 |
_c38080 _d38080 |
||